<?xml version="1.0" encoding="UTF-8"?>
<record
    xmlns:xsi="http://www.w3.org/2001/XMLSchema-instance"
    xsi:schemaLocation="http://www.loc.gov/MARC21/slim http://www.loc.gov/standards/marcxml/schema/MARC21slim.xsd"
    xmlns="http://www.loc.gov/MARC21/slim">

  <leader>00786nam a2200241Ia 4500</leader>
  <controlfield tag="005">20220317000508.0</controlfield>
  <controlfield tag="008">160601s2004    mx a   g      000 0 spa  </controlfield>
  <datafield tag="020" ind1=" " ind2=" ">
    <subfield code="a">9681609301</subfield>
  </datafield>
  <datafield tag="082" ind1="0" ind2="4">
    <subfield code="a">900</subfield>
    <subfield code="b">K13q</subfield>
  </datafield>
  <datafield tag="100" ind1="1" ind2=" ">
    <subfield code="a">Kahler, Erich Von</subfield>
    <subfield code="d">1885-1970</subfield>
  </datafield>
  <datafield tag="245" ind1="1" ind2="0">
    <subfield code="a">Qu&#xE9; es la historia? </subfield>
    <subfield code="c">Erick Von Kahler; traducci&#xF3;n de Juan Almela</subfield>
  </datafield>
  <datafield tag="250" ind1=" " ind2=" ">
    <subfield code="a">1a. edici&#xF3;n</subfield>
    <subfield code="b">9a. reimpresi&#xF3;n </subfield>
  </datafield>
  <datafield tag="300" ind1=" " ind2=" ">
    <subfield code="a">214 p&#xE1;ginas</subfield>
    <subfield code="c">17 cm </subfield>
  </datafield>
  <datafield tag="650" ind1="1" ind2="4">
    <subfield code="2">LEMB </subfield>
    <subfield code="a">Historiograf&#xED;a  </subfield>
  </datafield>
  <datafield tag="650" ind1="1" ind2="4">
    <subfield code="2">LEMB </subfield>
    <subfield code="a">Civilizaci&#xF3;n </subfield>
  </datafield>
  <datafield tag="700" ind1="1" ind2=" ">
    <subfield code="a">Almela, Juan</subfield>
    <subfield code="e">traductora</subfield>
    <subfield code="9">46431</subfield>
  </datafield>
  <datafield tag="942" ind1=" " ind2=" ">
    <subfield code="2">ddc</subfield>
    <subfield code="c">BKLIT</subfield>
  </datafield>
  <datafield tag="264" ind1=" " ind2=" ">
    <subfield code="a">M&#xE9;xico </subfield>
    <subfield code="b">Fondo de Cultura Econ&#xF3;mica</subfield>
    <subfield code="c">2004</subfield>
  </datafield>
  <datafield tag="336" ind1=" " ind2=" ">
    <subfield code="a">texto</subfield>
    <subfield code="b">txt</subfield>
    <subfield code="2">rdacontent</subfield>
  </datafield>
  <datafield tag="337" ind1=" " ind2=" ">
    <subfield code="a">sin mediaci&#xF3;n</subfield>
    <subfield code="b">n</subfield>
    <subfield code="2">rdamedia</subfield>
  </datafield>
  <datafield tag="338" ind1=" " ind2=" ">
    <subfield code="a">volumen</subfield>
    <subfield code="b">nc</subfield>
    <subfield code="2">rdacarrier</subfield>
  </datafield>
  <datafield tag="040" ind1=" " ind2=" ">
    <subfield code="a">CO-BoRNBP</subfield>
    <subfield code="b">spa</subfield>
    <subfield code="e">rda</subfield>
    <subfield code="c">CO-BoRNBP</subfield>
  </datafield>
  <datafield tag="999" ind1=" " ind2=" ">
    <subfield code="c">4205</subfield>
    <subfield code="d">4205</subfield>
  </datafield>
  <datafield tag="952" ind1=" " ind2=" ">
    <subfield code="0">0</subfield>
    <subfield code="1">0</subfield>
    <subfield code="2">ddc</subfield>
    <subfield code="4">0</subfield>
    <subfield code="7">0</subfield>
    <subfield code="8">GEN</subfield>
    <subfield code="a">MEPRICO</subfield>
    <subfield code="b">MEPRICO</subfield>
    <subfield code="c">GEN</subfield>
    <subfield code="d">2023-02-15</subfield>
    <subfield code="o">900K13q Ej.1</subfield>
    <subfield code="p">PR00000707</subfield>
    <subfield code="r">2023-02-15 00:00:00</subfield>
    <subfield code="t">Ej.1</subfield>
    <subfield code="w">2023-02-15</subfield>
    <subfield code="y">BKLIT</subfield>
  </datafield>
  <datafield tag="952" ind1=" " ind2=" ">
    <subfield code="0">0</subfield>
    <subfield code="1">0</subfield>
    <subfield code="2">ddc</subfield>
    <subfield code="4">0</subfield>
    <subfield code="7">0</subfield>
    <subfield code="8">GEN</subfield>
    <subfield code="a">MEMAPIRI</subfield>
    <subfield code="b">MEMAPIRI</subfield>
    <subfield code="c">GEN</subfield>
    <subfield code="d">2024-01-10</subfield>
    <subfield code="l">0</subfield>
    <subfield code="o">900 K13q</subfield>
    <subfield code="p">MAP00001522</subfield>
    <subfield code="r">2024-01-10 14:59:28</subfield>
    <subfield code="t">Ej.1</subfield>
    <subfield code="w">2024-01-10</subfield>
    <subfield code="y">BKLIT</subfield>
  </datafield>
  <datafield tag="952" ind1=" " ind2=" ">
    <subfield code="0">0</subfield>
    <subfield code="1">0</subfield>
    <subfield code="2">ddc</subfield>
    <subfield code="4">0</subfield>
    <subfield code="7">0</subfield>
    <subfield code="8">GEN</subfield>
    <subfield code="a">MEURIBE</subfield>
    <subfield code="b">MEURIBE</subfield>
    <subfield code="c">GEN</subfield>
    <subfield code="d">2024-08-20</subfield>
    <subfield code="l">0</subfield>
    <subfield code="o">900 K13q</subfield>
    <subfield code="p">URI01170</subfield>
    <subfield code="r">2024-08-20 09:55:47</subfield>
    <subfield code="t">Ej.1</subfield>
    <subfield code="w">2024-08-20</subfield>
    <subfield code="y">BKLIT</subfield>
  </datafield>
  <datafield tag="952" ind1=" " ind2=" ">
    <subfield code="0">0</subfield>
    <subfield code="1">0</subfield>
    <subfield code="2">lcc</subfield>
    <subfield code="4">0</subfield>
    <subfield code="7">0</subfield>
    <subfield code="8">GEN</subfield>
    <subfield code="a">MEPCONCO</subfield>
    <subfield code="b">MEPCONCO</subfield>
    <subfield code="c">GEN</subfield>
    <subfield code="d">2026-03-03</subfield>
    <subfield code="l">0</subfield>
    <subfield code="o">900 K13q</subfield>
    <subfield code="p">PCON02486</subfield>
    <subfield code="r">2026-03-03 22:43:01</subfield>
    <subfield code="t">Ej.1</subfield>
    <subfield code="w">2026-03-03</subfield>
    <subfield code="y">BKLIT</subfield>
  </datafield>
</record>
